ロード中...

Role of judiciary, public interest litigation and media /

書誌詳細
団体著者: Indian Institute of Human Rights
フォーマット: Printed Book
言語:English
出版事項: New Delhi: 133p V5.4 Indian Institute of Human Rights,
LEADER 00690nam a2200121Ia 4500
008 121027s9999 xx 000 0 eng d
082 |a 341.481  |b IND/R.5.4 
110 |a Indian Institute of Human Rights 
245 |a Role of judiciary, public interest litigation and media / 
260 |a New Delhi:  |b Indian Institute of Human Rights,  |a 133p  |a V5.4 
505 |a 1. Role of judiciary 2. Equal justice under law 3. Human rights under law 4. Independence of judiciary 5. Criminal justice system 6. Public interest litigation 7. Media and human rights. 
999 |c 52520  |d 52520 
952 |0 0  |1 0  |4 0  |6 341_481000000000000_IND_R_5_4  |7 0  |9 52498  |a UL  |b UL  |c ST1  |d 2012-10-27  |l 0  |o 341.481 IND/R.5.4  |p 75549  |r 2012-10-27  |w 2012-10-27  |y BK